| 000 | 00715 a2200145 4500 | ||
|---|---|---|---|
| 082 | _aBEE-4 | ||
| 100 |
_aM. Fakha Ali Khan, Sahar Tanveer, Syed Farjad Zaheer _992344 |
||
| 245 |
_aSPOT system (standalone power for outreach terrain): MPPT based sola power system [project report BEE-4] _cM. Fakha Ali Khan, Sahar Tanveer, Syed Farjad Zaheer |
||
| 260 |
_aIslamabad _bNUST School of Electrical Engineering and Computer Science _c2011. |
||
| 300 |
_a89p. _b;ill. _c:27cm. + _eCD-ROM |
||
| 500 | _aSupervisors: Mr. Sharifullah Amir, Mr. Abid Mushtaq | ||
| 700 |
_aM. Fakha Ali Khan, Sahar Tanveer, Syed Farjad Zaheer _992344 |
||
| 856 | _uhttp://10.250.8.41:8080/xmlui/handle/123456789/28855 | ||
| 942 |
_cPR _kBEE-4 FAK _2ddc |
||
| 999 |
_c10569 _d10569 |
||